Southville International School and Colleges
Your cart is empty.
  • Cart
  • Lists
    Public lists Eva Luna New books Lux_list list_1
    Your lists Log in to create your own lists
  • Log in to your account
  • Your cookies
  • Search history
Southville International School and Colleges
  • Advanced search
  • Recent comments
  • Most popular
  • Libraries

Log in to your account

Log in with GOOGLE


If you do not have an external account, but do have a local account, you can still log in:

  1. Home
  2. MARC view: Mosby's drug guide for nurses /
Normal view MARC view ISBD view

Mosby's drug guide for nurses / (Record no. 16068)

[ view plain ]
MARC details
000 -LEADER
fixed length control field 00532nam a22001937a 4500
003 - CONTROL NUMBER IDENTIFIER
control field OSt
005 - DATE AND TIME OF LATEST TRANSACTION
control field 20140310182805.0
008 - FIXED-LENGTH DATA ELEMENTS--GENERAL INFORMATION
fixed length control field 130214t xxu||||| |||| 00| 0 eng d
020 ## - INTERNATIONAL STANDARD BOOK NUMBER
International Standard Book Number 9789812597281
050 ## - LIBRARY OF CONGRESS CALL NUMBER
Classification number RM 301.12
Item number .Sk56 2007
100 ## - MAIN ENTRY--PERSONAL NAME
Personal name Skidmore-Roth, Linda
245 ## - TITLE STATEMENT
Title Mosby's drug guide for nurses /
Statement of responsibility, etc Linda Skidmore-Roth.
260 ## - PUBLICATION, DISTRIBUTION, ETC. (IMPRINT)
Place of publication, distribution, etc St. Louis, Mo. :
Name of publisher, distributor, etc Mosby Elsevier,
Date of publication, distribution, etc 2007.
300 ## - PHYSICAL DESCRIPTION
Extent xvi, 1216 p. :
Other physical details ill.;
Dimensions 22 cm.
521 ## - TARGET AUDIENCE NOTE
Target audience note
650 ## - SUBJECT ADDED ENTRY--TOPICAL TERM
Topical term or geographic name as entry element Nursing
942 ## - ADDED ENTRY ELEMENTS (KOHA)
Source of classification or shelving scheme Library of Congress Classification
Koha item type Books
Call number prefix Foreign
Holdings
Withdrawn status Lost status Source of classification or shelving scheme Damaged status Home library Current library Shelving location Date acquired Total Checkouts Full call number Barcode Date last seen Date checked out Copy number Price effective from Koha item type
    Library of Congress Classification   College Library College Library General Circulation Section 02/14/2013 1 RM 301.12 .Sk56 2007 C13426 08/29/2019 08/29/2019 1 03/10/2014 Books

Mosby's drug guide for nurses /

APA

Skidmore-Roth L., . (2007). Mosby's drug guide for nurses. St. Louis, Mo: Mosby Elsevier.

Chicago

Skidmore-Roth Linda, . 2007. Mosby's drug guide for nurses. St. Louis, Mo: Mosby Elsevier.

Harvard

Skidmore-Roth L., . (2007). Mosby's drug guide for nurses. St. Louis, Mo: Mosby Elsevier.

MLA

Skidmore-Roth Linda, . Mosby's drug guide for nurses. St. Louis, Mo: Mosby Elsevier. 2007.

  • Place hold
  • Print
  • Cite
  • Add to your cart (remove)
  • Save record
    BIBTEX Dublin Core MARCXML MARC (non-Unicode/MARC-8) MARC (Unicode/UTF-8) MARC (Unicode/UTF-8, Standard) MODS (XML) RIS
  • More searches
    Search for this title in:
    Other Libraries (WorldCat) Other Databases (Google Scholar) Online Stores (Bookfinder.com) Open Library (openlibrary.org)

Exporting to Dublin Core...

SOUTHVILLE LIBRARY

Southville International School and Colleges Library

1281 Tropical Ave. Cor. Luxembourg St., BF Homes International, Las Pinas City

Tel. No. 8256374 / 252358 Loc. 117/146

Powered by Koha